01708cam a22003015a 45000010009000000050017000090080041000260200018000670400033000850820022001181000017001402450107001572500012002642600063002763000033003395000024003725040027003965200649004236500036010726500042011086510010011506530025011607000015011857000022012009420008012229990017012309520159012471776697320161205120841.0130606t2014 flua frb 001 0 eng d a9780415531917 aDLCbengcDLCdDLCdEG-ScBUE04a624.1821222bLAM1 aLam, Dennis.10aStructural steelwork :bdesign to limit state theory /cDennis Lam, Thien-Cheong Ang, Sing-Ping Chiew. a4th ed. aBoca Raton :bCRC Press / Taylor & Francis Group,cc.2014. aix, 368 p. :bill. ;c26 cm. aIndex : p. 361-368. aBibliography : p. 359. a"The fourth edition of a perennial bestseller, this book describes the design theory and code requirements for common structures, connections, elements and frames and contains detailed explanations of the principles underlying steel design for final year undergraduate students reading structural and civil engineering. The chapters have been updated and rearranged to comply with with Eurocode 3. It includes theory for students and practical information for those currently working in the field who require an introduction to the Eurocodes. Every topic is illustrated with fully worked examples, and problems are also provided for practice"-- 7aSteel, Structural.2BUEsh97133 7aBuilding, Iron and steel2BUEsh93189 2BUEsh bENGGENcDecember20161 aAng, T. C.1 aChiew, Sing-Ping. 2ddc c23456d23428 00102ddc40708BaccahaMAINbMAINc1STd2016-12-05ePurchaseg504.00h25145l2m10o624.1821 LAMp000040235r2025-07-15 00:00:00s2019-01-29v630.00yBB